[Event "Itzehoe op 3rd"]
[Site "Itzehoe"]
[Date "2024.05.11"]
[Round "6"]
[White "Wallet, Norbert"]
[Black "Moeller, Patrick"]
[Result "0-1"]
[WhiteElo "1734"]
[BlackElo "1607"]
[PlyCount "88"]
[EventDate "2024.05.09"]
[EventType "swiss"]
[EventRounds "7"]
[EventCountry "GER"]
[SourceTitle "CBM 220 Extra"]
[Source "ChessBase"]
[SourceDate "2024.07.31"]
[SourceVersion "1"]
[SourceVersionDate "2024.07.31"]
[SourceQuality "1"]

1. d4 d5 2. Nf3 Nc6 3. c4 e6 4. a3 Nf6 5. Bf4 Be7 6. e3 0-0 7. Nc3 Ne4 8. Bd3 f5 9. c5 a6 10. Ne5 Nxe5 11. Bxe5 Bf6 12. Bg3 Bh4 13. Bxe4 fxe4 14. Qh5 Be7 15. 0-0 Rf5 16. Qe2 b6 17. b4 a5 18. h3 bxc5 19. dxc5 c6 20. Qd2 Ba6 21. Rfb1 Bd3 22. Rc1 Bf6 23. Ra2 d4 24. Nd1 dxe3 25. Nxe3 Bg5 26. bxa5 Rxa5 27. Rb2 Ra8 28. Qe1 Qf6 29. Qc3 Bxe3 30. Qxf6 Bxf2+ 31. Rxf2 Rxf6 32. Rc3 Rd8 33. Bd6 Rd7 34. Rb3 Kf7 35. Rb6 Kg6 36. Rxf6+ gxf6 37. Bf4 Bb5 38. Rb8 Rd1+ 39. Kf2 Kf5 40. Bd6 e5 41. Rg8 Rd2+ 42. Ke1 e3 43. Rg4 Re2+ 44. Kd1 Rf2 0-1

[Event "Kiel Cup U20"]
[Site "Kiel"]
[Date "2012.10.06"]
[Round "6"]
[White "Moeller, Patrick"]
[Black "Caliebe, Frauke"]
[Result "0-1"]
[WhiteElo "1056"]
[BlackElo "921"]
[PlyCount "96"]
[EventDate "2012.10.??"]
[EventType "swiss"]
[EventRounds "7"]
[EventCountry "GER"]
[SourceTitle "EXT 2015"]
[Source "ChessBase"]
[SourceDate "2014.11.20"]
[SourceVersion "1"]
[SourceVersionDate "2014.11.20"]
[SourceQuality "1"]

1. e4 c5 2. Bc4 e6 3. c3 d6 4. d4 cxd4 5. cxd4 Nf6 6. Nf3 Nbd7 7. Nc3 Be7 8. 0-0 0-0 9. Bf4 a6 10. a4 b6 11. d5 Nc5 12. Re1 Qd7 13. e5 dxe5 14. Nxe5 Qd6 15. Qc1 exd5 16. Ng4 Qd8 17. Nxf6+ Bxf6 18. Nxd5 Be6 19. Nxf6+ Qxf6 20. Be2 Nb3 21. Qe3 Nxa1 22. Rxa1 Qxb2 23. Be5 Qb3 24. Qf4 Rac8 25. h3 Bc4 26. Bd1 Qd3 27. Bg4 Rce8 28. Bd6 Re4 29. Qh2 Rfe8 30. f3 Qe3+ 31. Kh1 Qe1+ 32. Rxe1 Rxe1+ 33. Qg1 Rxg1+ 34. Kxg1 Re2 35. f4 Ra2 36. Bd7 Rd2 37. Kh2 Rxd6 38. Bf5 b5 39. axb5 axb5 40. Kg3 b4 41. Kg4 b3 42. h4 b2 43. Kh5 Bd3 44. Bxd3 Rxd3 45. g4 Rd5+ 46. f5 b1Q 47. Kg5 Qc1+ 48. Kh5 Qh6# 0-1

[Event "Schleswig Holstein-ch U16 Vormeister"]
[Site "Neumuenster"]
[Date "2011.04.30"]
[Round "8.17"]
[White "Moeller, Patrick"]
[Black "Schilling, Lennard"]
[Result "1-0"]
[WhiteElo "1024"]
[BlackElo "737"]
[PlyCount "31"]
[EventDate "2011.04.25"]
[EventType "swiss"]
[EventRounds "9"]
[EventCountry "GER"]
[SourceTitle "EXT 2022"]
[Source "ChessBase"]
[SourceDate "2021.10.06"]
[SourceVersion "1"]
[SourceVersionDate "2021.10.06"]
[SourceQuality "1"]

1. e4 e5 2. Nf3 Nc6 3. Bc4 Nf6 4. Nc3 d6 5. 0-0 Bg4 6. h3 Bxf3 7. Qxf3 b5 8. Bxb5 Qd7 9. d3 Rb8 10. Be3 Be7 11. Rfd1 0-0 12. Qg3 d5 13. d4 exd4 14. Bxd4 Bb4 15. Bxf6 Bxc3 16. Qxg7# 1-0

[Event "Kiel Cup U18"]
[Site "Kiel"]
[Date "2008.10.19"]
[Round "7.19"]
[White "Moeller, Patrick"]
[Black "Mueller, Kay"]
[Result "0-1"]
[WhiteElo "807"]
[BlackElo "828"]
[PlyCount "46"]
[EventDate "2008.10.16"]
[EventType "team-swiss"]
[EventRounds "7"]
[EventCountry "GER"]
[SourceTitle "EXT 2011"]
[Source "ChessBase"]
[SourceDate "2010.11.26"]
[SourceVersion "1"]
[SourceVersionDate "2010.11.26"]
[SourceQuality "1"]

1. e4 e5 2. Nf3 Nc6 3. Bc4 Bc5 4. d3 d6 5. Bg5 Nf6 6. Nc3 Bb4 7. 0-0 Bxc3 8. bxc3 Bg4 9. h3 Bh5 10. g4 Bg6 11. Nh4 0-0 12. Nxg6 hxg6 13. h4 Qd7 14. h5 Kh8 15. h6 Nxg4 16. hxg7+ Kxg7 17. d4 Rh8 18. Be2 Nf6 19. Bg4 Nxg4 20. dxe5 Ngxe5 21. f4 Qh3 22. Kf2 Ng4+ 23. Ke2 Qe3# 0-1

[Event "Kiel Cup U18"]
[Site "Kiel"]
[Date "2008.10.17"]
[Round "3.20"]
[White "Moeller, Patrick"]
[Black "Petersen, Finn Christopher"]
[Result "1/2-1/2"]
[WhiteElo "807"]
[BlackElo "737"]
[PlyCount "29"]
[EventDate "2008.10.16"]
[EventType "team-swiss"]
[EventRounds "7"]
[EventCountry "GER"]
[SourceTitle "EXT 2011"]
[Source "ChessBase"]
[SourceDate "2010.11.26"]
[SourceVersion "1"]
[SourceVersionDate "2010.11.26"]
[SourceQuality "1"]

1. e4 e5 2. Nf3 Nf6 3. Nc3 Nc6 4. Bc4 Bc5 5. d3 0-0 6. Bg5 d6 7. Nd5 Bg4 8. Nxf6+ gxf6 9. Bh6 Re8 10. h3 Bxf3 11. Qxf3 Kh8 12. Qg3 Rg8 13. Qh4 Nd4 14. Bxf7 Qe7 15. Qh5 1/2-1/2